Greek Letter to English - Click Quiz - Statistics

General Stats
  • This quiz has been taken 995 times
  • The average score is 17 of 24
Answer Stats
Hint Answer % Correct
Αα Alpha
93%
Ββ Beta
92%
Κκ Kappa
92%
Ζζ Zeta
92%
Μμ Mu
91%
Νν Nu
88%
Ωω Omega
88%
Ιι Iota
84%
Ππ Pi
84%
Δδ Delta
83%
Οο Omicron
82%
Ττ Tau
78%
Εε Epsilon
76%
Σσ Sigma
73%
Υυ Upsilon
73%
Λλ Lambda
71%
Θθ Theta
63%
Γγ Gamma
62%
Φφ Phi
57%
Ρρ Rho
57%
Ψψ Psi
52%
Ηη Eta
47%
Χχ Chi
35%
Ξξ Xi
35%
No matching quizzes found
Score Distribution
Percent of People with Each Score
Percentile by Number Answered
Your Score History
You have not taken this quiz